Tìm hiểu 399 câu hỏi và đáp về lịch sử văn hóa Việt Nam T.2 Các đặc trưng di sản văn hóa Việt Nam

שמור ב:
מידע ביבליוגרפי
מחברים אחרים: Kim Thu (Chủ biên), Đoàn Gia (Tác giả), Bùi Sơn (Tác giả), Đình Tuấn (Tác giả)
פורמט: ספר
שפה:Vietnamese
יצא לאור: H. Lao động 2011
נושאים:
תגים: הוספת תג
אין תגיות, היה/י הראשונ/ה לתייג את הרשומה!
Thư viện lưu trữ: Mạng thư viện Đại học Đà Nẵng
LEADER 01429nam a2200397 4500
001 000006959
003 3119
005 20120516090520.0
008 110923s2011 viesd
020 |c 275000đ 
041 0 |a vie 
082 |a 306.09597  |b Tim 
245 1 0 |a Tìm hiểu 399 câu hỏi và đáp về lịch sử văn hóa Việt Nam  |c Kim Thu chủ biên; Đoàn Gia; Bùi Sơn; Đình Tuấn  |n T.2  |p Các đặc trưng di sản văn hóa Việt Nam 
260 |a H.  |b Lao động  |c 2011 
300 |a 575 tr.  |c 24 cm. 
653 |a Lịch sử 
653 |a Văn hóa 
653 |a Việt Nam 
653 |a Dân tộc 
653 |a Danh nhân 
700 |a Kim Thu  |e Chủ biên 
700 |a Đoàn Gia  |e Tác giả 
700 |a Bùi Sơn  |e Tác giả 
700 |a Đình Tuấn  |e Tác giả 
773 |d H.  |t Tìm hiểu 399 câu hỏi và đáp về lịch sử văn hóa Việt Nam  |w 3116 
910 |a Huỳnh Thị Cẩm Lai  |d 23/09/2011 
OWN |a LSP 
AVA |a UDN50  |b LSP  |d 306.09597 Tim  |e check_holdings  |t Error 5003 Not defined in file expand_doc_bib_avail.  |h N  |k 1 
999 |a From the UDN01 
AVA |a UDN50  |b LSP  |d 306.09597 Tim  |e available  |t Error 5001 Not defined in file expand_doc_bib_avail.  |f 11  |g 0  |h N  |i 0  |k 1 
TYP |a Monograph 
TYP |a Printed language 
980 |a Mạng thư viện Đại học Đà Nẵng